Rules for the use of the RICS logo and designation by firms (Record no. 121463)
[ view plain ]
| 000 -LEADER | |
|---|---|
| fixed length control field | 01214nam a22002177a 4500 |
| 008 - FIXED-LENGTH DATA ELEMENTS--GENERAL INFORMATION | |
| fixed length control field | 230411s2022 xxk|||||o|||| 00| 0 eng d |
| 041 ## - LANGUAGE CODE | |
| Language code of text/sound track or separate title | eng |
| 110 ## - MAIN ENTRY--CORPORATE NAME | |
| Corporate author | Royal Institution of Chartered Surveyors |
| 245 ## - TITLE STATEMENT | |
| Title | Rules for the use of the RICS logo and designation by firms |
| Subtitle | version 6 |
| Medium | [Electronic resource] |
| 250 ## - EDITION | |
| Edition statement | version 6 |
| 260 ## - PUBLICATION INFORMATION | |
| Place of publication | London, |
| Publisher | Royal Institution of Chartered Surveyors, |
| Date | 2022 |
| 300 ## - PHYSICAL DESCRIPTION | |
| Physical description | 7p. |
| 490 ## - SERIES TITLE | |
| Series statement | RICS Regulation |
| 500 ## - GENERAL NOTE | |
| General note | Version 6 with effect from 2 February 2022 |
| 520 ## - ABSTRACT | |
| Abstract | These Rules are made by the Standards and Regulation Board in accordance with Bye-Law 3.5 and Bye-Law 7.2.1 under powers provided by Regulation 7.2.4.They set out:<br/>• who is entitled to use the RICS logo and the RICS regulatory designation for registered firms<br/>• the requirements for using the RICS logo and<br/>• the use of the chartered surveyor designation by firms |
| 651 ## - SUBJECT ADDED ENTRY--GEOGRAPHIC NAME | |
| Geographic name | International |
| 690 ## - BROAD SUBJECT | |
| 9 (RLIN) | 6277 |
| Broad subject | RICS |
| 710 ## - ADDED CORPORATE NAME | |
| Added corporate author | Royal Institution of Chartered Surveyors |
| 856 ## - ONLINE RESOURCE | |
| Uniform Resource Identifier | <a href="https://www.rics.org/content/dam/ricsglobal/documents/standards/rules-for-the-use-of-the-rics-logo-and-designation-by-firms_feb2022%20(1).pdf">https://www.rics.org/content/dam/ricsglobal/documents/standards/rules-for-the-use-of-the-rics-logo-and-designation-by-firms_feb2022%20(1).pdf</a> |
| Public note | Available free on RICS.org |
| 942 ## - ADDED ENTRY ELEMENTS (KOHA) | |
| Suppress in OPAC | Do not suppress in OPAC |
| Lost status | Damaged status | Not for loan | Current library | Shelving location | Date acquired | Total Checkouts | Full call number | Date last seen | Price effective from | Koha item type |
|---|---|---|---|---|---|---|---|---|---|---|
| Virtual | Online | 11/04/2023 | ONLINE PUBLICATION | 11/04/2023 | 11/04/2023 | Online material |